| 000 | 00423nam a2200181Ia 4500 | ||
|---|---|---|---|
| 001 | 15694 | ||
| 005 | 20260306170215.0 | ||
| 008 | 260306t1993||||xx |||||||||||||| ||und|| | ||
| 041 | _aESP | ||
| 082 |
_a577 _bM26 |
||
| 100 |
_aMargalef, Ramón _eAUT |
||
| 245 | 0 | _aTeoría de sistemas ecológicos | |
| 260 | _c1993 | ||
| 300 |
_a290 páginas : _c24 cm. |
||
| 650 | _aGEN | ||
| 654 | _aCIA | ||
| 942 |
_cLIB _dJUS _fJUS _2ddc _n |
||
| 999 |
_c15694 _d15694 |
||